000 00532nam a2200157 i 4500
001 69464
003 ES-MaACL
005 20230906170527.0
007 t|
008 040706s1944 sp ||||1| spa d
100 1 _aGarcía Castillejo, Juan.
_954358
245 1 3 _aLa telegrafía rápida
_b: el triteclado y la música eléctrica /
_cpor Juan García Castillejo.
260 _a[S.l. :
_bs.n.,
_c1944] (
_eValencia :
_fTalleres Tipográficos B. Gavilán)
300 _a349 p. :
_bil. ;
_c22 cm.
852 _aES-MaACL
_jF-16308
_bR.21408
999 _c69464
_d69464